000 00221 a2200097 4500
001 23073
100 _aMarkus, J
245 _aHand of Electronic Control Circuits
260 _a
_bMcGraw-Hill
_c1959
090 _c15615
_d15615
942 _aNUST-CAE
_cM
_c6242
999 _c258146
_d258146